000 00670nam a2200265Ia 4500
005 20260302115408.0
008 008 260114s9999 xx 000 0 eng d
020 _a9781350362833
037 _aTextbook
040 _aCRL
040 _beng
040 _cCRL
041 _2eng
041 _aeng
084 _qCRL
100 _aDerek Brewer
_91121501
245 0 _aEnglish Gothic Literature
260 _bBloomsbury
260 _bBloomsbury Academic
260 _c1983
650 _aLiterary Studies
856 _uhttps://doi.org/10.1007/978-1-349-17037-1?locatt=label:secondary_bloomsburyCollections
942 _cEBOOK
999 _c1686063
_d1686063